000 01193nam a2200277 u 4500
001 000002678
005 20240314181435.0
008 090703s1982 dr a r 000 0 spa d
040 _aDO-SdBNP
_bspa
_cBNPHU
082 _a342.729306
_bA516p
100 1 _aAmiama, Manuel A.
_d1899-1991
_98438
245 1 0 _aProntuario de legislación administrativa dominicana /
_cManuel A. Amiama ; revisado y actualizado por Raymundo Amaro Guzmán, prólogo Manuel Bergés Chupani.
260 _aSanto Domingo :
_bPublicaciones ONAP,
_c1982.
300 _a650 p. :
_bil. ;
_c21 cm.
490 1 _aEstudios Jurídicos ;
_v16
500 _aIncluye referencias bibliográficas y notas al pie de las páginas.
504 _aBibliografía: p. 651-652
590 _aInventariado, 2019/MFF
650 4 _aDerecho administrativo
_zRepública Dominicana
_91203
650 4 _aProcedimiento administrativo
_zRepública Dominicana
_98439
700 1 _aAmaro Guzmán, Raymundo
_9656
700 1 _aBergés Chupani, Manuel,
_epról.
_98440
710 1 _aRepública Dominicana
_bOficina Nacional de Administración de Personal
_98441
830 0 _aEstudios Jurídicos ;
_v16
_98442
910 _aValidado. Control de calidad MFF
999 _c2514
_d2514